000 00652nam a2200301Ia 4500
005 20260401122049.0
008 008 250103s9999 xx 000 0 eng d
020 _a415918030
037 _aTB
040 _aEDL
040 _beng
040 _cEDL
041 _2eng
041 _aeng
084 _a128 WEI
084 _qEDL
100 _aWeiss, Gail
_91232480
245 0 _aBody Images: Embodiment as Intercorporeality
245 0 _cWeiss, Gail
260 _aNew York
260 _bRoutledge
260 _c1999
300 _a210p
942 _cTB
942 _h128 WEI
999 _c1844670
_d1844670